Municipalities of King County - Statistics

General Stats
  • This quiz has been taken 290 times
    289 since last reset
  • The average score is 12 of 39
Answer Stats
Population Municipality % Correct
733,919 Seattle
100%
149,440 Bellevue
80%
105,179 Renton
61%
134,835 Kent
59%
99,037 Federal Way
58%
92,107 Kirkland
57%
76,354 Redmond
55%
30,759 SeaTac
45%
57,918 Shoreline
45%
66,630 Sammamish
42%
85,699 Auburn
39%
39,505 Issaquah
39%
25,442 Mercer Island
39%
47,784 Bothell
34%
21,615 Tukwila
34%
52,121 Burien
32%
13,810 Snoqualmie
32%
32,689 Des Moines
29%
2,969 Medina
26%
13,425 Woodinville
25%
7,695 North Bend
23%
2,167 Carnation
21%
23,502 Kenmore
21%
12,969 Newcastle
20%
12,733 Enumclaw
19%
8,410 Duvall
18%
28,153 Maple Valley
18%
13,358 Lake Forest Park
16%
6,637 Normandy Park
16%
20,787 Covington
15%
2,984 Clyde Hill
14%
5,839 Black Diamond
13%
1117 Yarrow Point
12%
3,241 Algona
11%
311 Beaux Arts
11%
449 Hunts Point
11%
7,105 Pacific
11%
159 Skykomish
11%
8,907 Milton
6%
No matching quizzes found
Score Distribution
Percent of People with Each Score
Percentile by Number Answered
Your Score History
You have not taken this quiz since the last reset